Language Quiz

Random Language or Country Quiz

English-Speaking African Countries Map Quiz Stats

Quiz Updated Aug 11, 2016

Challenge
Share
Tweet
Score 0/23 Timer 04:00
6 Plays Today
% Correct
South Africa
96.3%
Zimbabwe
86%
Botswana
85.9%
Tanzania
84.2%
Kenya
84%
Zambia
82.6%
Namibia
77.7%
Uganda
73.7%
Nigeria
73.4%
Lesotho
66.5%
Ghana
64.9%
South Sudan
62.8%
% Correct
Malawi
62.3%
Swaziland
62.2%
Liberia
59.4%
Sudan
58.3%
Sierra Leone
52%
Rwanda
50.7%
Burundi
46.8%
Cameroon
45.1%
Seychelles
41.4%
Mauritius
38.4%
The Gambia
37.8%

You're not logged in!

Compare scores with friends on all Sporcle quizzes.
Sign Up with Email
OR
Log In

Show Comments

Extras

Top Quizzes Today


Score Distribution

Your Account Isn't Verified!

In order to create a playlist on Sporcle, you need to verify the email address you used during registration. Go to your Sporcle Settings to finish the process.